000 00728nam a22002417a 4500
008 131110b xxu||||| |||| 00| 0 eng d
020 _a81-7003-252-0
024 _cAvailable
037 _cAvailable
040 _aMBSTU LIBRARY
_dMBSTU LIBRARY
082 _222
_a551.46 RAR
100 _aRao, P.V.
245 _aRegional cooperation in Indian ocean: trends and perspective.
260 _aNew Delhi
_bCentre for Area Shedies, Hyderabad.
_c2001
300 _a22 cm.
_b306 page
_f1
_g22 cm.
600 _2Ocean.
650 _2Ocean.
700 _aRao, P.V.
270 _aNew Delhi
_bNew Delhi
_dIndia
365 _b540.00
_d540.00
942 _2ddc
_cBK
999 _c815
_d815